Every Mob in Nether Dimension - Statistics

General Stats
  • This quiz has been taken 9 times
  • The average score is 10 of 15
Answer Stats
Mobs % Correct
Ghast
100%
Blaze
88%
Piglin
88%
Strider
88%
Wither
88%
Zombified Piglin
88%
Enderman
75%
Hoglin
75%
Magma Cube
75%
Skeleton
75%
Wither Skeleton
75%
Piglin Brute
63%
Chicken
13%
Chicken Jockey
13%
Hoglin Jockey
0%
No matching quizzes found
Score Distribution
Percent of People with Each Score
Percentile by Number Answered
Your Score History
You have not taken this quiz